000 00576nam a2200229Ia 4500
003 OSt
005 20221005045447.0
006 a|||||r|||| 00| 0
007 ta
008 221004b |||||||| |||| 00| 0 eng d
024 _a11234
037 _cTextual
040 _aCRL
_cCRL
_beng
041 _2eng
_aeng
082 _aP, L0
100 _aGhatage A M
245 0 _aSome aspects of applied linguistics
260 _aKolhapur
_bShivaji University
_c1970
650 _aLINGUISTICS
942 _hP, L0
_cTEXL
_2cc
999 _c955050
_d955050